<?xml version="1.0" encoding="UTF-8"?>
<record
    xmlns:xsi="http://www.w3.org/2001/XMLSchema-instance"
    xsi:schemaLocation="http://www.loc.gov/MARC21/slim http://www.loc.gov/standards/marcxml/schema/MARC21slim.xsd"
    xmlns="http://www.loc.gov/MARC21/slim">

  <leader>00879cam a22002411  4500</leader>
  <controlfield tag="001">agr10001843 </controlfield>
  <controlfield tag="003">DLC</controlfield>
  <controlfield tag="005">20260227110931.0</controlfield>
  <controlfield tag="008">761112s19101916xx            000 0 ger  </controlfield>
  <datafield tag="010" ind1=" " ind2=" ">
    <subfield code="a">agr10001843 </subfield>
  </datafield>
  <datafield tag="035" ind1=" " ind2=" ">
    <subfield code="a">(OCoLC)2556116</subfield>
  </datafield>
  <datafield tag="040" ind1=" " ind2=" ">
    <subfield code="a">DLC</subfield>
    <subfield code="c">CPT</subfield>
    <subfield code="d">CPT</subfield>
    <subfield code="d">DLC</subfield>
  </datafield>
  <datafield tag="042" ind1=" " ind2=" ">
    <subfield code="a">premarc</subfield>
  </datafield>
  <datafield tag="050" ind1="0" ind2="0">
    <subfield code="a">TP958</subfield>
    <subfield code="b">.G452</subfield>
  </datafield>
  <datafield tag="100" ind1="1" ind2=" ">
    <subfield code="a">Gildemeister, Eduard.</subfield>
  </datafield>
  <datafield tag="245" ind1="1" ind2="5">
    <subfield code="a">Die &#xE4;therischen &#xD6;le,</subfield>
    <subfield code="c">von E. Gildemeister und Fr. Hoffmann. 2. Aufl. von E. Gildemeister. Bearb. im Auftrage der Firma Schimmel in Miltitz bei Leipzig.</subfield>
  </datafield>
  <datafield tag="260" ind1=" " ind2=" ">
    <subfield code="a">Miltitz bei Leipzig,</subfield>
    <subfield code="b">Schimmel,</subfield>
    <subfield code="c">1910-16.</subfield>
  </datafield>
  <datafield tag="300" ind1=" " ind2=" ">
    <subfield code="a">3v.</subfield>
    <subfield code="b">illus., double maps, tables (in pocket)</subfield>
    <subfield code="c">24cm.</subfield>
  </datafield>
  <datafield tag="500" ind1=" " ind2=" ">
    <subfield code="a">Separate pamphlet of tables in pocket of v.l.</subfield>
  </datafield>
  <datafield tag="504" ind1=" " ind2=" ">
    <subfield code="a">Bibliographical footnotes.</subfield>
  </datafield>
  <datafield tag="650" ind1=" " ind2="0">
    <subfield code="a">Essences and essential oils.</subfield>
  </datafield>
  <datafield tag="700" ind1="1" ind2=" ">
    <subfield code="a">Hoffmann, Fr.</subfield>
    <subfield code="q">(Friedrich),</subfield>
    <subfield code="d">1832-1904,</subfield>
    <subfield code="e">joint author.</subfield>
  </datafield>
  <datafield tag="999" ind1=" " ind2=" ">
    <subfield code="c">7872</subfield>
    <subfield code="d">7872</subfield>
  </datafield>
</record>
